Bilecik Bilecik Bilecik Bilecik Bilecik

Sultan Abdülaziz ve I. Meşrutiyet/ (Record no. 33740)

MARC details
000 -BAŞLIK
Sabit Uzunluktaki Kontrol Alanı 00999nam a22003257a 4500
001 - KONTROL NUMARASI
Control Dosyası 0033740
003 - KONTROL NUMARASI KİMLİĞİ
Kontrol Alanı KOHA_MİRAKIL
005 - EN SON İŞLEM TARİHİ ve ZAMANI
Kontrol Alanı 20260207002901.0
007 - FİZİKSEL TANIM SABİT ALAN - GENEL BİLGİ
Sabit uzunluklu kontrol alanı ta
008 - SABİT UZUNLUKTAKİ VERİ ÖGELERİ - GENEL BİLGİ
Sabit Alan 10101b$2001 tu |||gr||||#0|||0|tur |
020 ## - ISBN - ULUSLARARASI STANDART KİTAP NUMARASI
Isbn 9789757526223
040 ## - KATALOGLAMA KAYNAĞI
Özgün Kataloglama Kurumu TR-BiSEU
Kataloglama Dili tur
Çeviri Kurumu TR-BiSEU
Açıklama Kuralları rda
041 0# - DİL KODU
Metin ya da ses kaydının dil kodu tur
044 ## - YAYINLAYAN/ÜRETEN KURULUŞUN ÜLKE KODU
ISO country code tu
050 ## - SINIFLAMA ve YER NUMARASI
Sınıflama Numarası DR569
Yer Numarası .K63 2001
100 1# - KİŞİ ADI
Yazar Adı (Kişi adı) Kocabaş, Süleyman.
245 1# - ESER ADI BİLDİRİMİ
Başlık Sultan Abdülaziz ve I. Meşrutiyet/
Sorumluluk Bildirimi Süleyman Kocabaş ; Süleyman Kocabaş.
264 #1 - ÜRERİM, YAYIN, DAĞITIM ve TELİF BİLDİRİMİ
Yayın yeri İstanbul :
Yayınlayan Vatan Yayınları
Yayın tarihi 2001
300 ## - FİZİKSEL TANIMLAMA
Sayfa, Cilt vb. 342 sayfa; 21 cm.
336 ## - İÇERİK TÜRÜ
Content type term metin
Content type code txt
Source rdacontent
337 ## - MEDYA TÜRÜ
Media type term aracısız
Media type code n
Source rdamedia
338 ## - TAŞIYICI TÜRÜ
Carrier type term cilt
Carrier type code nc
Source rdacarrier
490 1# - DİZİ BİLDİRİMİ
Dizi Bildirimi Vatan Yayınları ;
Cilt Numarası 26.
490 1# - DİZİ BİLDİRİMİ
Dizi Bildirimi Türkiye'nin Osyal ve Siyasi Değişimi Serisi ;
Cilt Numarası 3.
500 ## - GENEL NOT
Genel Not Kaynakça var.
830 1# - SERİ EK GİRİŞİ - TEKBİÇİM ESER ADI
Tekbiçim Başlık Vatan Yayınları ;
Volume number/sequential designation 26.
9 (RLIN) 65429
830 1# - SERİ EK GİRİŞİ - TEKBİÇİM ESER ADI
Tekbiçim Başlık Türkiye'nin Osyal ve Siyasi Değişimi Serisi ;
Volume number/sequential designation 3.
9 (RLIN) 65430
907 ## - LOCAL DATA ELEMENT G, LDG (RLIN)
a Tarih
942 ## - EK GİRİŞ ÖGELERİ (KOHA)
Source of classification or shelving scheme Library of Congress Classification
Koha item type Book
Holdings
Materyal Türü Kalıcı Konum Mevcut Konum Raf Yeri Sınıflandırma Kaynağı Edinim Bilgisi Ana Konular Alt Konular Yer Numarası Demirbaş Numarası Fatura Tarihi Maliyet, Alış Fiyatı Maliyet, Yenileme Fiyatı Geri Çekilme Durumu Kayıp Durumu Hasarlı Durumu Kredi için değil Kayıt Tarih Toplam Ödünçverme Son Görülme Tarihi Son Kontrol Tarihi Genel / Bağış Notu
Book Prof. Dr. Azmi Özcan Kütüphanesi Prof. Dr. Azmi Özcan Kütüphanesi Uluğbey Salonu Library of Congress Classification Bağış DÜNYA TARİHİ (AVRUPA, ASYA, AFRİKA VB.) Balkan Yarımadası DR569 .K63 2001 0033740 02/02/2026 4.00 4.00         01/01/2001 1 05/12/2024 05/12/2024 Genel Bağış